Letture per la classe quinta delle scuole elementari femminili... 2. ed. corretta e migliorata
Saved in:
| Main Author: | |
|---|---|
| Format: | Book |
| Language: | Italian |
| Published: |
Vicenza - Milano
Galla - Rivolta
1892
|
| Textbook Catalogue: | EDISCO: Library Catalog Search Result |
| Textbook Classification: | |
| Tags: |
Add Tag
No Tags, Be the first to tag this record!
|
| Added to: | 2016-04-30 |
| Changed in: | 2017-10-18 |
MARC
| LEADER | 00000aam a22000007 4500 | ||
|---|---|---|---|
| 001 | 03450 | ||
| 003 | OSt | ||
| 005 | 20171018093817.0 | ||
| 008 | 160501s1892 it 000 0 ita | ||
| 040 | |c Gianfranco Bandini - Firenze - CLIO | ||
| 041 | 1 | |a ita | |
| 100 | 1 | |a Battaini, Pietro. | |
| 245 | 0 | 0 | |a Letture per la classe quinta delle scuole elementari femminili... 2. ed. corretta e migliorata |
| 260 | |a Vicenza - Milano |b Galla - Rivolta |c 1892 | ||
| 300 | |a 300, 1/x ; | ||
| 901 | |a 7 | ||
| 942 | |2 ddc |c BK | ||
| 546 | |a ita | ||
| 999 | |c 3439 |d 3439 | ||
| 999 | |c edisco:3439 |d 3439 | ||